All Dislyte Espers (Version 3.4.23) - Statistics

General Stats
  • This quiz has been taken 11 times
    5 since last reset
  • The average score is 37 of 169
Answer Stats
Esper (Deity) % Correct
Anna (Persephone)
100%
Clara (Hera)
100%
Donar (Thor)
100%
Drew (Anubis)
100%
Drew (Meta Anubis)
100%
Gaius (Zeus)
100%
Ophelia (Thanatos)
100%
Raven (Odin)
100%
Tang Xuan (Sun Wukong)
100%
Abigail (Frigga)
50%
Adrina (Chantico)
50%
Ahmed (Geb)
50%
Alexa (Aphrodite)
50%
Alice (Gullveig)
50%
Anesidora (Pandora)
50%
Archibald (Mictlantecutli)
50%
Bardon (Baldr)
50%
Biondina (Poseidon)
50%
Bi Tao (Shen Gongbao)
50%
Brynn (Valkyrie)
50%
Cecilia (Isis)
50%
David (Jason)
50%
Dhalia (Calypso)
50%
Eira (Freya)
50%
Eira (Meta Freya)
50%
Elaine (Nyx)
50%
Elliot (Thoth)
50%
Embla (Ymir)
50%
Emma (Jade Rabbit)
50%
Ethan (Pan)
50%
Gabrielle (Njord)
50%
Ginny (Hestia)
50%
Hailey (Hephaestus)
50%
Hall (Hodur)
50%
Helena (Helen)
50%
Heng Yue (Chang'e)
50%
Hyde (Hades)
50%
Intisar (Kauket)
50%
Javid (Shamash)
50%
Jeanne (Gerd)
50%
Jin Qiu (Ru Shou)
50%
Kara (Serket)
50%
Leon (Vali)
50%
Leora (Athena)
50%
Lewis (Ares)
50%
Li Ao (Tao Tie)
50%
Li Ling (Meta Nezha)
50%
Li Ling (Nezha)
50%
Lucas (Apollo)
50%
Mavis (Mictecacihuatl)
50%
Mona (Artemis)
50%
Narmer (Ra)
50%
Norah (Muse)
50%
Ollie (Osiris)
50%
Ossana (Xipe Totec)
50%
Petros (Minotaur)
50%
Ren Si (Black Tortoise)
50%
Sakura (Sakuya-hime)
50%
Sally (Sif)
50%
Su Jue (Da Ji)
50%
Tiye (Nut)
50%
Triki (Loki)
50%
Yamato (Izanagi)
50%
Zelmer (Sekhmet)
50%
Ain (Ptah)
0%
Alolin (Pazuzu)
0%
Amir (Enkidu)
0%
Arcana (Hermes)
0%
Asenath (Nefertem)
0%
Ashley (Heimdall)
0%
Aurelius (Ullr)
0%
Badrun (Khonsu)
0%
Bai Liuli (White Snake)
0%
Berenice (Bastet)
0%
Bonnie (Eris)
0%
Brewster (Garmr)
0%
Camille (Hati)
0%
Cang Ji (Cang Jie)
0%
Catherine (Hela)
0%
Celine (Siren)
0%
Chalmers (Idun)
0%
Chang Pu (Yao Ji)
0%
Chloe (Medea)
0%
Chu Yao (Taiyi)
0%
Daniel (Chiron)
0%
Daylon (Sobek)
0%
Djoser (Atum)
0%
Elif (Inanna)
0%
Everett (Tyr)
0%
Fabrice (Freyr)
0%
Falken (Horus)
0%
Farrah (Abzu & Tiamat)
0%
Fatimah (Gilgamesh)
0%
Fatum Sisters (Nornir)
0%
Feng Nuxi (Nuwa)
0%
Feng Xun (Fu Xi)
0%
Freddy (Fenrir)
0%
Fumitsuki (Kaguya-hime)
0%
Fu Shi (Suan Ni)
0%
Hilda (Hypnos)
0%
Ife (Meretseger)
0%
Ikki (Tsukuyomi)
0%
Jacob (Jormungand)
0%
Jiang Jiuli (Chiyou)
0%
Jiang Man (Meng Po)
0%
Jin-Hee (Dokkaebi)
0%
Jin Yuyao (Queen Mother)
0%
Kaylee (Anuket)
0%
Koharu (Ame-no-Uzume)
0%
Lapis (Ma'at)
0%
Laura (Neith)
0%
Lauren (Heket)
0%
Layla (Medjed)
0%
Liam (Xolotl)
0%
Lian (Jiao Tu)
0%
Li Guang (Vermilion Bird)
0%
Lin Xiao (White Tiger)
0%
Long Mian (Ao Bing)
0%
Luo Yan (Yanluo Wang)
0%
Lü Shang (Jiang Ziya)
0%
Lu Yi (Dayi)
0%
Lynn (Hathor)
0%
Mateo (Prometheus)
0%
Mei (Kaya-no-Hime)
0%
Melanie (Medusa)
0%
Meredith (Scylla)
0%
Ming Shuo (Leizhenzi)
0%
Momo (Bakeneko)
0%
Moroyama (Yamata-no-Orochi)
0%
Nathaniel (Humbaba)
0%
Nick (Magni)
0%
Nicole (Nephthys)
0%
Odette (Skadi)
0%
Parmi (Ninsun)
0%
Pritzker (Mimir)
0%
Q (Eros)
0%
Sachiko (Hare of Inaba)
0%
Sander (Set)
0%
Sienna (Gaia)
0%
Sloan (Ereshkigal)
0%
Stewart (Dionysus)
0%
Sui Zai (Beast Nian)
0%
Tang Yun (Six-Eared Macaque)
0%
Taylor (Hercules)
0%
Tevor (Sphinx)
0%
Toland (Tezcatlipoca)
0%
Uday (Sopdet)
0%
Unas (Shu)
0%
Unky Chai (Yue Lao)
0%
Valeria (Quetzalcoatl)
0%
Wenlock (Huehuecoyotl)
0%
Wu You (Dijiang)
0%
Xiao Yin (Azure Dragon)
0%
Xie Chuyi (Death Guard Hei)
0%
Xie Yuzhi (Death Guard Bai)
0%
Xuan Pin (Jiutian Xuannu)
0%
Yalina (Mamitu)
0%
Ye Suhua (Shao Siming)
0%
Yu Jing (Princess Longji)
0%
Yukine (Yuki-onna)
0%
Yun Chuan (Meta Yang Jian)
0%
Yun Chuan (Yang Jian)
0%
Yu Ran (Bai Ze)
0%
Yuuhime (Izanami)
0%
Yu Xu (Jingwei)
0%
Zhong Nan (Zhong Kui)
0%
Zhou Hong (Gonggong)
0%
Zi He (Shiji Niangniang)
0%
Zora (Amunet)
0%
No matching quizzes found
Score Distribution
Percent of People with Each Score
Percentile by Number Answered
Your Score History
You have not taken this quiz since the last reset